000 00927cam a22003134a 4500
008
020 _a9781405106740 (pbk.)
049 _aMAIN
090 _aRA651
_bFAR
100 1 _aFarmer, Richard.
245 1 0 _aLecture notes on epidemiology and public health medicine /
_cRichard Farmer, Ross Lawrenson.
250 _a5th ed.
260 _aWest Sussex :
_bBlackwell Pub.,
_c2004.
300 _aviii, 191 p. :
_bill. ;
_c25 cm.
500 _alncludes index.
504 _aIncludes bibliographical references.
650 0 _aEpidemiology.
650 0 _aPublic health.
650 1 2 _aEpidemiologic Methods.
650 2 2 _aHealth Services.
650 2 2 _aPreventive Medicine.
700 1 _aRoss, Lawrenson.
700 1 _aMiller, David.
907 _a.b1032432x
_b10-06-14
_c10-12-12
003
005 20230123114500.0
040 _cNUST
942 _cBOOKS
_kRA651
_mFAR
999 _c122250
_d122250